000 01837cam a2200457 a 4500
001 22000
003 VRT
005 20260317144638.0
006 aa c 00 f
008 251031s2007 xo a c 000 f slo
015 _aSNBA2007/07-03055
020 _a9788080890537
_q(viaz.)
039 9 _a202510310918
_bVLOAD
_c202403141519
_dVLOAD
_c201605201046
_dmsnk115
_c200901260845
_dmtotk02
040 _aPOKPOH
_bslo
_cPOKPOH
_dSNK
_eAACR2
041 1 _aslo
_hger
044 _axo
_cSK
072 7 _a821.112.2-3
_xNemecká próza, nemecky písaná
_2konspekt
072 7 _a821-93
_xLiteratúra pre deti a mládež
_2konspekt
080 _a821.112.2-32
_22001
080 _a821-93
_22001
100 1 _aKessel, Carola von
_4aut
240 1 4 _aDie total verhexte Reitschule, Band 2: Kamera ab auf Rösselsburg
_lSlovensky
245 1 0 _aČarodejnice z jazdeckej školy
_n[2.]
_pBoj o hlavnú úlohu
_cCarola von Kesselová ; [z nemeckého originálu ... preložila Martina Vankúšová]
246 3 0 _aBoj o hlavnú úlohu
250 _a1. vyd.
260 _aBratislava
_bFragment
_c2007
300 _a122 s.
_bilustr.
_c19 cm
_ečervená fólia v tvare magickej hviezdy
500 _aIlustr. na predsádkach
500 _aÚdaj o poradí časti prevzatý z rubu titul. listu z originálneho názvu
521 _aUrčené pre čitateľky od 9 rokov
655 7 _anemecké príbehy
_2SNKPH
655 7 _apublikácie pre deti
_2SNKPH
655 7 _apríbehy o koňoch
_2SNKPH
655 7 _adievčenské príbehy
_2SNKPH
700 1 _aVankúšová, Martina
_4trl
942 _2ddc
_cKLDE
_n0
949 _617A0551984
_asnkSD 76545/2
_bsnk2007/12513
_o1154/07
949 _617A0551983
_asnkSD 76545/2 D1
_bsnk2007/12514
_o1154/07
949 _6273K0460396
_asvkpoA 199181
_bsvkpo499104
949 _62889106825
_asavukPV 10772
_bsavuk2007/2671
999 _c22000
_d22000